<?xml version="1.0" encoding="UTF-8"?>
<record
    xmlns:xsi="http://www.w3.org/2001/XMLSchema-instance"
    xsi:schemaLocation="http://www.loc.gov/MARC21/slim http://www.loc.gov/standards/marcxml/schema/MARC21slim.xsd"
    xmlns="http://www.loc.gov/MARC21/slim">

  <leader>00966nam a2200265   4500</leader>
  <datafield tag="952" ind1=" " ind2=" ">
    <subfield code="a">0001</subfield>
    <subfield code="b">0001</subfield>
    <subfield code="d">2019-04-29</subfield>
    <subfield code="l">0</subfield>
    <subfield code="o">305.235 S35b 2017</subfield>
    <subfield code="p">007708</subfield>
    <subfield code="r">2019-04-29 00:00:00</subfield>
    <subfield code="w">2019-04-29</subfield>
    <subfield code="y">BKS</subfield>
  </datafield>
  <datafield tag="999" ind1=" " ind2=" ">
    <subfield code="c">13205</subfield>
    <subfield code="d">13205</subfield>
  </datafield>
  <controlfield tag="003">MIRAKIL</controlfield>
  <controlfield tag="005">20190429140014.0</controlfield>
  <controlfield tag="008">190429b        tu ||||| |||| 00| 0 tur d</controlfield>
  <datafield tag="020" ind1=" " ind2=" ">
    <subfield code="a">9786053995012</subfield>
  </datafield>
  <datafield tag="040" ind1=" " ind2=" ">
    <subfield code="a">TR-AnCHP</subfield>
    <subfield code="c">TR-AnCHP</subfield>
  </datafield>
  <datafield tag="041" ind1=" " ind2=" ">
    <subfield code="a">tur</subfield>
  </datafield>
  <datafield tag="082" ind1=" " ind2=" ">
    <subfield code="a">305.235</subfield>
    <subfield code="b">S35b 2017</subfield>
  </datafield>
  <datafield tag="100" ind1="1" ind2=" ">
    <subfield code="a">Semerci, Uyan P&#x131;nar</subfield>
  </datafield>
  <datafield tag="245" ind1="1" ind2="0">
    <subfield code="a">"Biz"li&#x11F;in aynas&#x131;ndan yans&#x131;yanlar :</subfield>
    <subfield code="b">T&#xFC;rkiye gen&#xE7;li&#x11F;inde kimlikler ve &#xF6;tekile&#x15F;tirme /</subfield>
    <subfield code="c">P&#x131;nar Uyan Semerci, Emre Erdo&#x11F;an, Elif Sandal &#xD6;nal.</subfield>
  </datafield>
  <datafield tag="260" ind1=" " ind2=" ">
    <subfield code="a">&#x130;stanbul :</subfield>
    <subfield code="b">&#x130;stanbul Bilgi &#xDC;niversitesi yay&#x131;nlar&#x131; , </subfield>
    <subfield code="c">2017.</subfield>
  </datafield>
  <datafield tag="300" ind1=" " ind2=" ">
    <subfield code="a">xvii , 328 s.:</subfield>
    <subfield code="b">grf., tbl.;</subfield>
    <subfield code="c">23 sm.</subfield>
  </datafield>
  <datafield tag="490" ind1="0" ind2=" ">
    <subfield code="a">&#x130;stanbul Bilgi &#xDC;niversitesi Yay&#x131;nlar&#x131; ;</subfield>
    <subfield code="a">Ara&#x15F;t&#x131;rma ;</subfield>
    <subfield code="v">612.</subfield>
    <subfield code="v">12.</subfield>
  </datafield>
  <datafield tag="504" ind1=" " ind2=" ">
    <subfield code="a">Kaynak&#xE7;a ve dizin vard&#x131;r.</subfield>
  </datafield>
  <datafield tag="650" ind1=" " ind2="0">
    <subfield code="9">5686</subfield>
    <subfield code="a">Grup kimli&#x11F;i</subfield>
  </datafield>
  <datafield tag="650" ind1=" " ind2="0">
    <subfield code="9">5687</subfield>
    <subfield code="a">&#xD6;tekilik (felsefe)</subfield>
  </datafield>
  <datafield tag="650" ind1=" " ind2="0">
    <subfield code="9">5688</subfield>
    <subfield code="a"> &#xD6;nyarg&#x131;</subfield>
    <subfield code="x">T&#xFC;rkiye</subfield>
  </datafield>
  <datafield tag="700" ind1=" " ind2=" ">
    <subfield code="9">5689</subfield>
    <subfield code="a">Erdo&#x11F;an, Emre</subfield>
  </datafield>
  <datafield tag="700" ind1=" " ind2=" ">
    <subfield code="9">5690</subfield>
    <subfield code="a">&#xD6;nal Elif Sandal</subfield>
  </datafield>
  <datafield tag="942" ind1=" " ind2=" ">
    <subfield code="2">ddc</subfield>
    <subfield code="c">BKS</subfield>
  </datafield>
</record>
